000 00699nam a22002297a 4500
003 UA-OsUOA
001 45472
007 ta
008 20111012b un ||||| |||| 00| 0 ukr d
090 _a81'374
_bА64
942 _cBK
040 _aUA-OsUOA
_beng
_cUA-OsUOA
_dUA-OsUOA
245 _aАнглиско-македонски речник
300 _a422 p.
955 _a1
041 _aeng
080 _a81'374
260 _aСкопje
_c1981
650 7 _a8 Мовознавство. Художня література. Літературознавство
_2UDC
999 _c425582
_d425582